000
00297nam a22001337a 4500
008
170508b xxu||||| |||| 00| 0 eng d
020
_a
9780314184917
041
_a
eng
080
_2
6TH
_a
342
100
_a
15
101
_a
SHJ
245
_a
TORTS AND COMPENSATION
_c
DOBBS, D.B
942
_2
udc
_c
BK
999
_c
12939
_d
12939